00550pab a2200133 454500008004000000100001900040245003700059260000900096300001200105362001100117520022800128650002600356773003400382180718b2002 xxu||||| |||| 00| 0 eng d aJha, Dayanatha aRed-taping agricultural research c2002 ap.4600. a16 Nov aThe committee constituted to review the Indian Council of Agricultural Research has a serious credibility problem. it is a committee of bureaucrats and management experts with just one agricultural scientist. - Reproduced. aAgricultural research aEconomic and Political Weekly